Statistics for Countries' Highest Rated Movies on IMDb

Click here to take the quiz!

General Stats

  • This quiz has been taken 79 times
  • The average score is 6 of 12

Answer Stats

CountryYearRatingAnswer% Correct
USA19949.2The Shawshank Redemption
77%
Japan19548.8Seven Samurai
76%
South Korea20038.4Oldboy
57%
France20118.6The Intouchables
56%
New Zealand20038.9The Lord of the Rings: The Return of the King
53%
Germany20068.5The Lives of Others
51%
Italy19669.0The Good, the Bad and the Ugly
40%
Denmark20128.3The Hunt
40%
Poland20028.5The Pianist
37%
Sweden19578.3Wild Strawberries
31%
Russia19668.3Andrei Rublev
23%
Mexico20068.3Pan's Labyrinth
13%

Score Distribution

Percentile by Number Answered

Percent of People with Each Score

Your Score History

You have not taken this quiz